Geografía de Europa

সংরক্ষণ করুন:
গ্রন্থ-পঞ্জীর বিবরন
প্রধান লেখক: López Palomeque, Francisco (autor), Anton Clavé, Salvador (Author), Blazquez Salom, Macia (Author), Plaza Gutiérrez, Juan Ignacio (Author), Rico Amorós, Antonio M (Author), Sánchez Aguilera, Dolores (Author)
বিন্যাস: গ্রন্থ
ভাষা:স্প্যানিশ
প্রকাশিত: Barcelona Ariel S. A 2000
সংস্করন:1a. ed
মালা:Ariel Geografía
বিষয়গুলি:
ট্যাগগুলো: ট্যাগ যুক্ত করুন
কোনো ট্যাগ নেই, প্রথমজন হিসাবে ট্যাগ করুন!

MARC

LEADER 00000cam a2200000 a 4500
001 UCE1509
003 CL-VaPUC
008 140502e20000100sp |||||||||||||||||spa|d
020 |a 8434434636 
082 0 4 |a 914  |b LOP  |2 21 
100 |a López Palomeque, Francisco  |e autor  |9 573853 
700 0 |a Anton Clavé, Salvador  |e author  |9 573854 
700 0 |a Blazquez Salom, Macia  |e author  |9 573855 
700 0 |a Plaza Gutiérrez, Juan Ignacio  |e author  |9 573856 
700 0 |a Rico Amorós, Antonio M  |e author  |9 573857 
700 0 |a Sánchez Aguilera, Dolores  |e author  |9 573858 
245 1 0 |a Geografía de Europa 
250 |a 1a. ed 
300 |a 619 p 
942 |c BK 
945 |d 20140502 10:02:00  |a dcastane 
260 |a Barcelona  |b Ariel S. A  |c 2000 
650 0 |a Geografía económica   |9 267757 
650 7 |a GEOGRAFIA EUROPEA  |2 CL-VaPUC  |9 437679 
650 0 |a Geografía humana  |9 267193 
650 0 |a Geografía política  |9 268296 
651 0 |a Europa  |9 255156 
583 |a last modification  |c 20140502 10:02:00  |k Rodrigo Vera 
490 0 |a Ariel Geografía 
999 |c 355285  |d 355283 
952 |0 0  |1 0  |3 erb  |4 0  |6 914_000000000000000_LOP_2000  |7 0  |8 A  |9 461943  |a BIBING  |b BIBING  |i 5069483  |o 914 LOP 2000  |p 5069483  |r 2025-01-20  |w 2019-11-23  |y BK  |z Catalogado en:20140502  |k GEO